000 00440nam a2200181Ia 4500
001 3334
005 20260306145636.0
008 260306t2009||||xx |||||||||||||| ||spa||
041 _aESP
082 _a270
_bC28 T. 3
100 _aCárcel Ortí, Vicente
_eAUT
245 0 _aHistoria de la iglesia:
_bIII La iglesia contemporánea
260 _c2009
300 _a
_c24 cm.
650 _aGEN
654 _aCHU
942 _cLIB
_dJUS
_fJUS
_2ddc
_n
999 _c3334
_d3334